Countries Producing the Most Apples - Statistics

General Stats
  • This quiz has been taken 34 times
  • The average score is 8 of 10
Answer Stats
Tons per year Country % Correct
4, 110, 050 United States
97%
37, 001, 600 China
90%
1, 403, 000 Russia
83%
1, 382, 900 France
79%
2, 203, 400 India
79%
1, 991, 330 Italy
79%
1, 810, 000 Brazil
76%
2, 889, 002 Turkey
72%
2, 887, 340 Poland
55%
1, 625, 000 Chile
45%
No matching quizzes found
Score Distribution
Percent of People with Each Score
Percentile by Number Answered
Your Score History
You have not taken this quiz